Normal view
MARC view
- Jha,Uma Shanker , Prasad, Ramjee
Entry Personal Name
001 - CONTROL NUMBER
- control field: 64496
003 - CONTROL NUMBER IDENTIFIER
- control field: NUST
005 - DATE AND TIME OF LATEST TRANSACTION
- control field: 20210628203303.0
008 - FIXED-LENGTH DATA ELEMENTS
- fixed length control field: 210628|| aca||aabn | a|a d
040 ## - CATALOGING SOURCE
- Original cataloging agency: NUST
- Transcribing agency: NUST
100 ## - HEADING--PERSONAL NAME
- Personal name: Jha,Uma Shanker , Prasad, Ramjee
670 ## - SOURCE DATA FOUND
- Source citation: Work cat.: (NUST): Jha,Uma Shanker , Prasad, Ramjee, Ofdm towards fixed and mobile broadband wireless access, 2007
